Responses for Show #1193 - Wednesday, November 8, 1989

1989 Tournament of Champions quarterfinal game 3.

Contestants

[<< previous game]

Eric Newhouse, a student and winner of last year's Teen Tournament from Sioux City, Iowa

Joel Sacks, an administrator from Columbia, Maryland

Jeff Richmond, a law student from West Hollywood, California

[next game >>]

Jeopardy! Round responses

1973
“A” IN SCIENCE
OLD TESTAMENT
POTENT POTABLES
JEWELRY
LETTER PERFECT
    $100 1
Common Market

Eric
    $100 20
asteroid

Joel
    $100 24
Moses

Eric
    $100 22
rum

Eric
    $100 30
silver

Jeff
    $100 19
N

Jeff
    $200 7
(Alex: Be more specific.)

(Head of) The F.B.I.

Joel
    $200 21
aftershock

Jeff
    $200 8
Solomon

Jeff
    $200 23
Riesling

Jeff
    $200 29
sapphires

Eric
    $200 18
E

Joel
    $300 9
Robyn Smith

Triple Stumper
    $300 14
anthrax

Joel
    $300 10
plowshares

Eric
    $300 6
Madeira

Jeff
    $300 25
brilliant

Eric
    $300 13
W

Eric
    $400 3
The Taking Of Pelham One Two Three

Eric
    $400 15
argon

Joel
    $400 12
Ruth

Joel
    $400 5
gimlet

Eric
    $400 26
beetle

Eric
    $400 17
d

Jeff
    $500 2
An American Family

Triple Stumper
    $500 16
(Joel: What is algar?)

agar

JoelEric
    $1,000 28
wife, house, ass (or man servant, maid servant, ox)

Jeff
    $500 4
absinthe

Eric
    $500 27
Duchess of Windsor

Jeff
    $500 11
A O K

Jeff

Scores at the first commercial break (after clue 13):

Jeff Joel Eric
$1,000 $600 $2,000

Scores at the end of the Jeopardy! Round:

Jeff Joel Eric
$3,500 $1,100 $3,600

Double Jeopardy! Round responses

GEOGRAPHY
DANCE
POLITICAL QUOTES
NOVELS
ANATOMY
CANADIAN HISTORY
    $200 24
Istanbul

Eric
    $200 30
The Twist

Joel
    $200 29
victory

Eric
    $200 7
Dracula

Joel
    $200 23
(Joel: What are fractures?)

joints

Joel
Triple Stumper
    $200 9
England

Jeff
    $400 19
Addis Ababa

Eric
    $400 28
Moors

Joel
    $400 1
Churchill

Joel
    $400 3
Quo Vadis

Eric
    $400 8
eyes

Jeff
    $400 10
maple leaf

Jeff
    $600 18
(Eric: What is Steppe?)

Siberia

JeffEric
    $600 27
Lindy Hop

Eric
    $600 2
Dreyfus

Eric
    $1,400 4
(Nathaniel) Hawthorne

Eric
    $600 14
Eustachian

Jeff
    $600 11
Newfoundland

Jeff
    $800 17
Greenland

Joel
    $800 26
Little Egypt

Eric
    $800 21
(Eric: Who is Wendell Willkie?)

(Thomas) Dewey

JeffEric
    $800 5
Henry Fielding

Eric
    $800 15
gallbladder

Eric
    $800 12
Canadian Pacific

Jeff
    $1000 16
Bight

Jeff
    $1000 25
(Jeff: What is the Mazurka?)
(Joel: What is a Lendler?)

Polonaise

JeffJoel
Triple Stumper
    $1000 20
Bernard Baruch

Triple Stumper
    $1000 6
Sister Carrie

Triple Stumper
    $1000 22
femur & tibia

Triple Stumper
    $1,000 13
Halifax

Jeff

Scores at the end of the Double Jeopardy! Round:

Jeff Joel Eric
$8,900 $1,900 $8,400

Final Jeopardy! Round responses

THE OSCARS
JoelWhat is The Good Earth?
$1,900
EricWhat is Gone w/the Wind?
$1,600
JeffWhat is A [something crossed out] A Lion in winter
$7,900
Gone with the Wind

Final scores:

Jeff Joel Eric
$1,000 $0 $10,000
2nd place: $1,000 if eliminated 3rd place: $1,000 if eliminated Automatic semifinalist

Game dynamics:

Coryat scores:

Jeff Joel Eric
$8,400 $1,900 $7,600
20 R
(including 2 DDs),
1 W
11 R,
3 W
22 R
(including 1 DD),
2 W

Combined Coryat: $17,900

[game clues] [game scores] [suggest correction]

Game tape date: 1989-10-16
The J! Archive is created by fans, for fans. Scraping, republication, monetization, and malicious use prohibited; this site may use cookies and collect identifying information. See terms. The Jeopardy! game show and all elements thereof, including but not limited to copyright and trademark thereto, are the property of Jeopardy Productions, Inc. and are protected under law. This website is not affiliated with, sponsored by, or operated by Jeopardy Productions, Inc. Join the discussion at JBoard.tv.